Fußball in der Wohnungslosenhilfe : Der Homeless Worldcup: Entwicklung, Ideen und seine Implikationen für die Sozialarbeit in Deutschland

Gespeichert in:  
Bibliographische Detailangaben
1. VerfasserIn: Tein, Jo (Verfasst von)
Medienart: Druck Aufsatz
Sprache:Deutsch
Veröffentlicht: 2006
In: Wohnungslos
Jahr: 2006, Band: 48, Heft: 3, Seiten: 101-107
Verfügbarkeit prüfen: HBZ Gateway

MARC

LEADER 00000caa a2200000 c 4500
001 1639150838
003 DE-627
005 20250115174052.0
007 tu
008 160223s2006 xx ||||| 00| ||ger c
035 |a (DE-627)1639150838 
035 |a (DE-576)455781486 
035 |a (DE-599)BSZ455781486 
040 |a DE-627  |b ger  |c DE-627  |e rakwb 
041 |a ger 
100 1 |a Tein, Jo  |0 (DE-627)1376471175  |0 (DE-576)306471175  |4 aut 
109 |a Tein, Jo  |a Tein, Joachim 
245 1 0 |a Fußball in der Wohnungslosenhilfe : Der Homeless Worldcup: Entwicklung, Ideen und seine Implikationen für die Sozialarbeit in Deutschland  |c Jo Tein 
264 1 |c 2006 
336 |a Text  |b txt  |2 rdacontent 
337 |a ohne Hilfsmittel zu benutzen  |b n  |2 rdamedia 
338 |a Band  |b nc  |2 rdacarrier 
773 0 8 |i In  |t Wohnungslos  |d Bielefeld : Verl. BAG Wohnungslosenhilfe e.V., 1995  |g 48(2006), 3, Seite 101-107  |w (DE-627)18394965X  |w (DE-600)1228729-5  |w (DE-576)045318603  |x 0948-7441  |7 nnas 
773 1 8 |g volume:48  |g year:2006  |g number:3  |g pages:101-107 
889 |w (DE-627)518283240 
935 |a mkri 
935 |i mdedup 
951 |a AR 
ELC |b 1 
LOK |0 000 xxxxxcx a22 zn 4500 
LOK |0 001 329945613X 
LOK |0 003 DE-627 
LOK |0 004 1639150838 
LOK |0 005 20160223094650 
LOK |0 008 160208||||||||||||||||ger||||||| 
LOK |0 040   |a DE-21-110  |c DE-627  |d DE-21-110 
LOK |0 852   |z Kein Bestand am IfK; Nachweis für KrimDok 
LOK |0 852   |a DE-21-110 
LOK |0 852 1  |m v  |9 00 
LOK |0 935   |a k110 
LOK |0 938   |k v 
LOK |0 939   |a 08-02-16  |b l01 
ORI |a SA-MARC-krimdoka001.raw